000 00326nam a2200133Ia 4500
005 20260328104305.0
008 260328s9999||||xx |||||||||||||| ||und||
100 _aSanabria, Alberto
245 0 _aLey General de Cultura /
_cAlberto Sanabria
260 _bAsencultura
300 _a473 p.
650 _aCOLOMBIA
942 _cBK
999 _c10741
_d10741